| 000 | 02559cam a22003251i 4500 | ||
|---|---|---|---|
| 003 | SA-RiAUC | ||
| 005 | 20250209105730.0 | ||
| 008 | 250208s1990 su g 00000 ara c | ||
| 040 |
_aKSU _bara _cSA-RiAUC _erda |
||
| 043 | _ama----- | ||
| 050 | 4 | _b.I26 1990 | |
| 082 | 0 | 4 |
_a910.9 _qSA-RiAUC |
| 090 |
_a910.9 _b ا ب ن ف |
||
| 100 | 1 |
_aابن فضل الله العمري، أحمد بن يحيى بن فضل الله، _d700-749 هجري _eمؤلف. |
|
| 245 | 1 | 0 |
_aمسالك الأبصار في ممالك الأمصار / _cتأليف ابن فضل الله العمري ؛ دراسة وتحقيق محمد سالم بن شديد العوفي. |
| 250 | _aالطبعة الأولى. | ||
| 264 | 1 |
_aالرياض ؛ _aالقاهرة : _bمحمد بن سالم بن شديد العوفي، _c1990 |
|
| 300 |
_a278 صفحة ؛ _c24 سم |
||
| 336 |
_aنص _btxt _2rdacontent _3كتاب |
||
| 337 |
_aبدون وسيط _bn _2rdamedia |
||
| 338 |
_aمجلد _bnc _2rdacarrier |
||
| 505 | 1 | 1 | _aمماليك مصر و الشام و الحجاز و اليمن |
| 650 | 7 |
_aتقاويم البلدان _2aucsh |
|
| 651 | 7 |
_aالبلاد العربية _xوصف ورحلات _2aucsh |
|
| 700 | 1 |
_aالعوفي، محمد بن سالم بن شديد، _d1374 هجري- _eمحقق. |
|
| 856 |
_uhttp://www.alwaraq.net/Core/waraq/coverpage?bookid=521&option=1 _yExternal Link _2 نرجو الانتباه لإمكانية وجود اختلاف في الطبعة أو الناشر بين البيانات على البوابة وما ستجده على الكتاب نظرا لمحدودية المعلومات المتاحة على الموقع الناشر للمادة. _3Please note that there may be a difference in the edition or publisher between the data on the portal and the book due to the limited information available on the publisher website for the material. |
||
| 856 |
_uhttp://www.alwaraq.net/Core/AlwaraqSrv/bookpage?book=521&option=1&fkey=2&page=1 _yDigital Copy _2 نرجو الانتباه لإمكانية وجود اختلاف في الطبعة أو الناشر بين البيانات على البوابة وما ستجده على الكتاب نظرا لمحدودية المعلومات المتاحة على الموقع الناشر للمادة. _3Please note that there may be a difference in the edition or publisher between the data on the portal and the book due to the limited information available on the publisher website for the material. |
||
| 942 |
_2ddc _cBOOK _n0 |
||
| 949 |
_aSA-JeALM _d250208 _uosman123 _n1 |
||
| 999 |
_c5759 _d5759 |
||